000 00414nam a2200181Ia 4500
005 20250603144624.0
008 250603s9999 xx 000 0 und d
020 _a978-069-339-8
050 _aPL 8824 .I8 C36/
100 _aIsola, Akinwumi Orojide
245 0 _aCampus queen
260 _aIbadan
260 _bUniversity Press Ltd
260 _c2009
300 _a273 p
650 _aIbadan
942 _cBK
999 _c39460
_d39460